| 000 | 00572cam a22001697 4500 | ||
|---|---|---|---|
| 001 | ltf91049451 | ||
| 003 | DLC | ||
| 005 | 20260227111553.0 | ||
| 008 | 910501s1919 gw 000 0 ger | ||
| 010 | _altf91049451 | ||
| 040 |
_aDLC _cDLC _dDLC |
||
| 050 | 0 | 0 | _a4LB 894 |
| 100 | 1 |
_aSteiner, Rudolf, _d1861-1925. |
|
| 245 | 1 | 0 |
_aDrei Vorträge über Volkspädagogik, gehalten in Stuttgart am 11. Mai, 18. Mai und 1. Juni 1919 ... _cHrsg. vom Bund für Dreigliederung des sozialen Organismus, Stuttgart. |
| 260 |
_aStuttgart, _bGreiner & Pfeiffer _c[1919] |
||
| 300 | _a47 p. | ||
| 999 |
_c37595 _d37595 |
||